000 00755nam a2200289Ia 4500
005 20260324145905.0
008 008 260324s9999 xx 000 0 eng d
020 _a9781003046110
037 _aEBOOK
040 _aCRL
040 _beng
040 _cCRL
041 _2eng
041 _aeng
084 _qCRL
100 _aBarbara C. Etzel; Judith M. LeBlanc; Donald M. Baer
_91224545
245 0 _aNew Developments in Behavioral Research: Theory, Method and Application
245 0 _bIn Honor of Sidney W. Bijou
260 _bTaylor and Francis
260 _c1977
365 _a
365 _b290
856 _uhttp://www.taylorfrancis.com/books/9781003046110
942 _cEBOOK
999 _c1833086
_d1833086